000 00789nam a2200217 i 4500
001 180954
003 ES-MaACL
005 20251212171856.0
008 120903q19501959sp a |||| |dspa d
100 1 _aTavera Baz, José María.
_9109420
245 1 3 _aLa mística en la poesía española
_b: Santa Teresa de Jesús y San Juan de la Cruz /
_cJosé Mª Tavera ; portada de Coll.
260 _aBarcelona :
_bEdiciones G.P.,
_c[195-]
300 _a64 p. ;
_c11 cm.
490 1 _aEnciclopedia pulga ;
_v434
600 0 0 _aTeresa de Jesús,
_cSanta,
_d1515-1582
_9226510
600 0 4 _aJuan de la Cruz,
_cSanto,
_d1542-1591
_967110
700 0 _aColl, Alejandro.
_939607
830 0 _aEnciclopedia pulga ;
_v434
_9191296
852 _aES-MaACL
_j2311-F-42
999 _c180954
_d180954